Statistics for Top 3 US names per year for last 105 years

Click here to take the quiz!

General Stats

  • This quiz has been taken 10,069 times
    (1,963 since last reset)
  • The average score is 27 of 61

Answer Stats

HintAnswer% Correct
42 times - first 1917John
86%
45 times - first 1917James
82%
49 times - first 1917Mary
79%
10 times - first 1917William
76%
10 times - first 1925Betty
74%
58 times - first 1953Michael
69%
16 times - first 2003Emma
68%
9 times - first 2009Olivia
67%
35 times - first 1917Robert
66%
16 times - first 1955David
65%
15 times - first 1994Emily
65%
17 times - first 1969Jennifer
64%
24 times - first 1972Christopher
63%
20 times - first 1978Jessica
60%
21 times - first 1981Matthew
58%
1 time in 1998Samantha
58%
1 time in 1993Sarah
58%
1 time in 2000Andrew
55%
18 times - first 1996Jacob
55%
4 times - first 2019Oliver
51%
9 times - first 1939Patricia
51%
7 times - first 2013Noah
50%
2 times - first 1937Patrice
50%
5 times - first 1998Hannah
49%
5 times - first 2002Joshua
49%
7 times - first 2013Liam
48%
1 time in 2019Ava
47%
6 times - first 2007Isabella
47%
7 times - first 2010Sophia
47%
2 times first in 2021Charlotte
45%
8 times - first 1957Susan
44%
1 time in 1965Karen
43%
12 times - first 1961Lisa
42%
2 times - first 2018Amelia
40%
17 times - first 1944Linda
40%
5 times - first 1973Amy
39%
9 times - first 1979Amanda
38%
14 times - first 1984Ashley
38%
1 time in 2019Lucas
38%
8 times - first 1973Jason
37%
7 times - first 1968Michelle
37%
1 time in 2018Jackson
36%
17 times - first 1928Barbara
35%
8 times - first 1917Helen
34%
8 times - first 2002Ethan
33%
4 times - first 1953Deborah
31%
4 times - first 1966Kimberly
31%
6 times - first 2001Madison
31%
4 times - first 1976Melissa
27%
12 times - first 1917Dorothy
24%
3 times - first 1989Brittany
23%
1 time in 1975Heather
22%
3 times - first 2011Mason
22%
2 times - first 1999Alexis
16%
1 time in 2021Theodore
15%
2 times - first 1935Shirley
13%
1 time in 2018Isla
12%
1 time in 2020Riley
9%
1 time in 2021Violet
9%
1 time in 2021Aurora
4%
1 time in 2021Declan
1%

Score Distribution

Percentile by Number Answered

Percent of People with Each Score

Your Score History

You have not taken this quiz since the last reset